Statistics for Countries covering Half the World by Area, Population, GDP

Click here to take the quiz!

General Stats

  • This quiz has been taken 1,872 times
  • The average score is 19 of 20

Answer Stats

COUNTRY% Correct
China
100%
China
100%
China
100%
India
100%
India
100%
United States
100%
United States
100%
United States
100%
Russia
99%
Brazil
98%
Brazil
98%
Canada
98%
Japan
95%
Australia
94%
Germany
94%
Indonesia
94%
United Kingdom
94%
Pakistan
86%
Argentina
81%
Nigeria
79%

Score Distribution

Percentile by Number Answered

Percent of People with Each Score

Your Score History

You have not taken this quiz